[Event "AUTO-MASTER-1271"]
[Site "http://www.queenalice.com/game.php?id=859084"]
[Date "2010.11.15"]
[Round "1"]
[White "Puffer"]
[Black "mauriciov"]
[Result "1-0"]
[WhiteElo "1963"]
[BlackElo "2046"]

1. e4 d5 2. exd5 Qxd5 3. Nc3 Qa5 4. d4 Nf6 5. Nf3 Bg4 6. h3 Bh5 7. Bd2 Qb6 8. g4
Bg6 9. Be2 e6 10. Ne5 Qxd4 11. Nxg6 hxg6 12. Nb5 Qd7 13. Bf4 Bd6 14. Bxd6 cxd6
15. Qxd6 Na6 16. O-O-O O-O-O 17. Nxa7# 1-0

[Event "AUTO-MASTER-1271"]
[Site "http://www.queenalice.com/game.php?id=859085"]
[Date "2010.11.15"]
[Round "1"]
[White "mauriciov"]
[Black "Puffer"]
[Result "0-1"]
[WhiteElo "1715"]
[BlackElo "2043"]

1. d4 Nf6 2. c4 g6 3. Nc3 Bg7 4. e4 d6 5. Nf3 O-O 6. h3 Nbd7 7. Bd3 e5 8. Be3
exd4 9. Bxd4 Nc5 10. O-O Ne6 11. Be3 h6 12. Qd2 Kh7 13. Rad1 Bd7 14. e5 Ne8 15.
exd6 cxd6 16. Rfe1 f5 17. Bc2 Rf7 18. b3 Bc6 19. Nd5 N6c7 20. Nxc7 Rxc7 21. Nd4
Bd7 22. Bf4 Qf6 23. Qe2 Bf8 24. Kh1 Rd8 0-1

[Event "AUTO-MASTER-1271"]
[Site "http://www.queenalice.com/game.php?id=859096"]
[Date "2010.11.15"]
[Round "1"]
[White "mauriciov"]
[Black "lelinho"]
[Result "0-1"]
[WhiteElo "2027"]
[BlackElo "2173"]

1. Nf3 Nf6 2. d4 d6 3. c4 g6 4. Bg5 Bg7 5. e3 O-O 6. Be2 Nbd7 7. Nc3 c5 8. O-O
cxd4 9. exd4 Qb6 10. Qc2 a6 11. Be3 Ng4 12. b3 Nxe3 13. fxe3 Nf6 14. Rad1 e5 15.
Kh1 Re8 16. Rfe1 Be6 17. Bf1 Bg4 18. h3 Bxf3 19. gxf3 exd4 20. exd4 Rxe1 21.
Rxe1 Qxd4 22. Re7 Nh5 23. Ne4 Kf8 24. Rxb7 f5 25. Ng5 Re8 26. Kg2 Qf4 27. Nf7
Qg3+ 28. Kh1 Qxf3+ 29. Bg2 Re1+ 0-1

[Event "AUTO-MASTER-1271"]
[Site "http://www.queenalice.com/game.php?id=859097"]
[Date "2010.11.15"]
[Round "1"]
[White "lelinho"]
[Black "mauriciov"]
[Result "1-0"]
[WhiteElo "2164"]
[BlackElo "2058"]

1. e4 d5 2. exd5 Qxd5 3. Nc3 Qa5 4. d4 Nf6 5. Ne2 Bg4 6. Bd2 Qb6 7. Qc1 e6 8. h3
Bh5 9. Ng3 Qxd4 10. Bb5+ c6 11. Bd3 Bd6 12. Nxh5 Nxh5 13. Be3 Qe5 14. Ne4 O-O
15. Nxd6 Qxd6 16. Qd1 Qe5 17. c3 Rd8 18. Bxh7+ Kxh7 19. Qxd8 Nf6 20. O-O-O a5
21. Rhe1 Qb5 22. Rd4 1-0

[Event "Challenge"]
[Site "http://www.queenalice.com/game.php?id=859620"]
[Date "2010.11.16"]
[Round "-"]
[White "mauriciov"]
[Black "alfonso"]
[Result "1-0"]
[WhiteElo "2017"]
[BlackElo "1571"]

1. e4 e5 2. Nf3 Qf6 3. Bc4 Nc6 4. O-O d6 5. h3 Na5 6. Qe2 Qg6 7. h4 Bh3 8. Ng5
Be6 9. Nxe6 fxe6 10. h5 Qf6 11. Nc3 c6 12. Bd3 Qh4 13. b4 Nf6 14. Qf3 Ng4 15.
Qh3 Qg5 16. Be2 Nh6 17. d3 Qf6 18. bxa5 a6 19. Rb1 Rb8 20. f4 b5 21. axb6 Be7
22. fxe5 Qxe5 23. Bb2 Rxb6 24. Na4 Qa5 25. Nxb6 Qxb6+ 26. Kh1 Kd7 27. Bxg7 Qd8
28. Bxh8 Qxh8 29. Rb7+ Kc8 30. Rfb1 d5 31. Qxe6+ Kd8 32. Qxe7+ Kc8 33. Qc7# 1-0

[Event "AUTO-MASTER-1274"]
[Site "http://www.queenalice.com/game.php?id=860593"]
[Date "2010.11.18"]
[Round "1"]
[White "fabianno"]
[Black "mauriciov"]
[Result "1-0"]
[WhiteElo "2106"]
[BlackElo "1921"]

1. d4 Nf6 2. Nf3 d5 3. h3 Bf5 4. c3 e6 5. g3 c5 6. Bg2 Nc6 7. O-O Bd6 8. Bg5 h6
9. Bxf6 Qxf6 10. Re1 O-O 11. Na3 cxd4 12. Nb5 Qe7 13. Nbxd4 Nxd4 14. Nxd4 Bg6
15. e4 dxe4 16. Bxe4 Bxe4 17. Rxe4 f5 18. Rxe6 1-0

[Event "AUTO-MASTER-1274"]
[Site "http://www.queenalice.com/game.php?id=860594"]
[Date "2010.11.18"]
[Round "1"]
[White "mauriciov"]
[Black "fabianno"]
[Result "0-1"]
[WhiteElo "1836"]
[BlackElo "2112"]

1. Nf3 d5 2. d4 Nf6 3. Nc3 c6 4. Bg5 e6 5. a3 Be7 6. e3 Nbd7 7. Bd3 h6 8. Bxf6
Bxf6 9. Qd2 O-O 10. O-O e5 11. dxe5 Nxe5 12. Nxe5 Bxe5 13. f4 Bd6 14. e4 dxe4
15. Nxe4 Be7 16. Rae1 Qb6+ 17. Kh1 Qxb2 0-1

[Event "AUTO-MASTER-1274"]
[Site "http://www.queenalice.com/game.php?id=860609"]
[Date "2010.11.18"]
[Round "1"]
[White "Janivgm"]
[Black "mauriciov"]
[Result "1-0"]
[WhiteElo "1869"]
[BlackElo "1996"]

1. e4 d5 2. exd5 Qxd5 3. Nc3 Qa5 4. Nf3 Nf6 5. Bc4 Bg4 6. h3 Bh5 7. d4 Nd5 8.
Bd2 Nxc3 9. Bxc3 Qb6 10. Qd3 Bg6 11. Qe2 e6 12. O-O-O Bb4 13. Qe3 O-O 14. Ne5
Bxc3 15. Qxc3 Be4 16. Rhg1 Bd5 17. g4 Rd8 18. Rge1 Nd7 19. f4 Nf6 20. Bxd5 Nxd5
21. Qf3 Nb4 22. a3 Nd5 23. f5 exf5 24. Qxf5 Qf6 25. Qxf6 Nxf6 26. c3 c6 27. Rf1
h6 28. h4 Rf8 29. Rf3 Ne4 30. Rdf1 f6 31. Ng6 Rf7 32. Ne5 Rff8 33. Ng6 Rf7 34.
Re1 Nd6 35. Rfe3 f5 36. gxf5 Nxf5 37. Re8+ Rxe8 38. Rxe8+ 1-0

[Event "AUTO-MASTER-1274"]
[Site "http://www.queenalice.com/game.php?id=860610"]
[Date "2010.11.18"]
[Round "1"]
[White "mauriciov"]
[Black "Janivgm"]
[Result "0-1"]
[WhiteElo "1825"]
[BlackElo "1889"]

1. e4 e5 2. Nc3 Nf6 3. b3 d5 4. exd5 Nxd5 5. Bb2 Nc6 6. Bb5 Ne7 7. Nf3 f6 8. d4
Bd7 9. dxe5 Nxe5 10. Nxe5 fxe5 11. O-O Bxb5 12. Re1 Qxd1 13. Raxd1 Bd7 14. Rxe5
O-O-O 15. a4 Nc6 16. Re2 Bc5 17. Ne4 Bb6 18. Bxg7 Rhg8 19. Bb2 Bh3 20. Rxd8+
Kxd8 21. Ng3 Bg4 22. Rd2+ Ke8 23. Kf1 Rf8 24. Ne4 h5 25. h3 Bf5 26. Nf6+ Ke7 27.
Nxh5 Ba5 28. c3 Bb6 29. Ba3+ Kf7 30. Bxf8 Kxf8 31. g4 Bg6 32. Ng3 Ne5 33. f4 Nf3
34. Rd7 Bc2 35. b4 Bxa4 36. Rd8+ Ke7 37. Rh8 Bb5+ 38. Kg2 Nd2 39. Nf5+ Kd7 40.
Kg3 Ne4+ 41. Kh4 Nxc3 42. g5 Nd5 43. g6 Nxf4 44. g7 Bc4 45. Kg4 Nd5 46. g8=Q
Nf6+ 0-1

[Event "AUTO-MASTER-1274"]
[Site "http://www.queenalice.com/game.php?id=860619"]
[Date "2010.11.18"]
[Round "1"]
[White "MarceloPadre"]
[Black "mauriciov"]
[Result "1-0"]
[WhiteElo "2099"]
[BlackElo "1708"]

1. f4 c5 2. Nf3 Nc6 3. e3 Nf6 4. c3 d5 5. Bb5 Bd7 6. O-O e6 7. d4 a6 8. Bxc6
Bxc6 9. Nbd2 Bd6 10. Ne5 O-O 11. Rf3 Ne4 12. Nxe4 dxe4 13. Rh3 Bxe5 14. fxe5
cxd4 15. exd4 f5 16. Qh5 h6 17. Qg6 Be8 18. Qxe6+ 1-0

[Event "AUTO-OPEN-2171"]
[Site "http://www.queenalice.com/game.php?id=861015"]
[Date "2010.11.19"]
[Round "1"]
[White "mauriciov"]
[Black "zemorais"]
[Result "0-1"]
[WhiteElo "1790"]
[BlackElo "1694"]

1. d4 Nf6 2. c4 g6 3. Nc3 Bg7 4. e4 d6 5. Bd3 b6 6. Nf3 Bg4 7. h3 Bd7 8. O-O O-O
9. b3 c5 10. d5 Ne8 11. Bb2 Na6 12. Qd2 Nb4 13. a3 Nxd3 14. Qxd3 Qc8 15. Nh4 f6
16. Rae1 g5 17. Nf3 h5 18. Nh2 e5 19. dxe6 Bxe6 20. Nd5 Nc7 21. Re2 Bxd5 22.
exd5 Ne8 23. Qg6 h4 0-1

[Event "AUTO-OPEN-2171"]
[Site "http://www.queenalice.com/game.php?id=861016"]
[Date "2010.11.19"]
[Round "1"]
[White "zemorais"]
[Black "mauriciov"]
[Result "1-0"]
[WhiteElo "1672"]
[BlackElo "1812"]

1. e4 d5 2. exd5 Qxd5 3. Nc3 Qa5 4. Nf3 Bg4 5. Be2 Nf6 6. O-O e6 7. h3 Bh5 8. d4
Bd6 9. Bd2 Qb6 10. Na4 Qc6 11. c3 Nbd7 12. Nc5 Bxc5 13. dxc5 Nxc5 14. Ne5 Bxe2
15. Qxe2 Qe4 16. Qxe4 Ncxe4 17. Bf4 O-O 18. f3 Nd6 19. Rad1 Nd5 20. Bh2 Ne3 21.
Nd7 Rfd8 22. Ne5 Nxf1 23. Kxf1 1-0

[Event "AUTO-OPEN-2171"]
[Site "http://www.queenalice.com/game.php?id=861018"]
[Date "2010.11.19"]
[Round "1"]
[White "Zarathustra"]
[Black "mauriciov"]
[Result "1-0"]
[WhiteElo "1931"]
[BlackElo "1770"]

1. c4 e5 2. Nc3 Nf6 3. g3 d5 4. cxd5 Nxd5 5. Nxd5 Qxd5 6. Nf3 e4 7. Nh4 e3 8.
Bg2 exf2+ 9. Kxf2 Bc5+ 10. e3 Qg5 11. d4 Bd6 12. Rf1 1-0

[Event "AUTO-MASTER-1278"]
[Site "http://www.queenalice.com/game.php?id=863216"]
[Date "2010.11.24"]
[Round "1"]
[White "Ribar"]
[Black "mauriciov"]
[Result "1/2-1/2"]
[WhiteElo "2067"]
[BlackElo "1923"]

1. c4 Nf6 2. Nc3 e5 3. Nf3 Nc6 4. g3 d5 5. cxd5 Nxd5 6. Bg2 Be6 7. d4 exd4 8.
Nxd4 Nxd4 9. Qxd4 c6 10. O-O Nf6 11. Qxd8+ Rxd8 12. Be3 a6 13. Rfd1 Be7 14.
Rxd8+ Kxd8 15. Bb6+ Kc8 16. b3 Bd8 17. Bc5 Re8 18. Rd1 Be7 19. Na4 Bxc5 20. Nxc5
Kc7 21. Nxe6+ Rxe6 22. e3 Rd6 23. Rxd6 Kxd6 24. Kf1 Kc5 25. a3 a5 26. Bf3 b5 27.
Ke1 Kb6 28. Kd2 c5 29. Kc3 Nd7 30. Bd5 f6 31. f4 Kc7 32. h4 h6 33. g4 Kd6 34.
Bf3 Nb6 35. e4 b4+ 1/2-1/2

[Event "AUTO-MASTER-1278"]
[Site "http://www.queenalice.com/game.php?id=863217"]
[Date "2010.11.24"]
[Round "1"]
[White "mauriciov"]
[Black "Ribar"]
[Result "0-1"]
[WhiteElo "1975"]
[BlackElo "2054"]

1. d4 Nf6 2. c4 c5 3. d5 b5 4. Nc3 b4 5. Nb1 e6 6. dxe6 fxe6 7. b3 d5 8. cxd5
exd5 9. e3 Be7 10. Bb5+ Bd7 11. Bxd7+ Qxd7 12. Nf3 Nc6 13. Bb2 O-O 14. O-O Ne4
15. Qc2 Rac8 16. Nbd2 Nxd2 17. Qxd2 Qf5 18. Rfe1 c4 19. bxc4 dxc4 20. e4 Qf7 21.
Bd4 c3 22. Qc2 Nxd4 23. Nxd4 Qc4 24. Rad1 Rcd8 25. Nf5 Bc5 26. Ng3 Rxd1 27. Rxd1
Rxf2 0-1

[Event "AUTO-MASTER-1278"]
[Site "http://www.queenalice.com/game.php?id=863236"]
[Date "2010.11.24"]
[Round "1"]
[White "mauriciov"]
[Black "Pato"]
[Result "0-1"]
[WhiteElo "1929"]
[BlackElo "2126"]

1. e4 Nc6 2. d4 e5 3. d5 Nce7 4. d6 Ng6 5. dxc7 Qxc7 6. Nf3 Nf6 7. Bd3 d6 8. O-O
Be6 9. Nc3 Be7 10. Qd2 a6 11. b3 O-O 12. Bb2 h6 13. a4 Rac8 14. h3 Nf4 15. Rac1
N6h5 16. Kh2 Qd7 17. Be2 Bxh3 18. Nxe5 dxe5 0-1

[Event "AUTO-MASTER-1278"]
[Site "http://www.queenalice.com/game.php?id=863237"]
[Date "2010.11.24"]
[Round "1"]
[White "Pato"]
[Black "mauriciov"]
[Result "1-0"]
[WhiteElo "2132"]
[BlackElo "1906"]

1. e4 d5 2. exd5 Qxd5 3. Nc3 Qa5 4. b4 Qe5+ 5. Be2 e6 6. Nf3 Qd6 7. Nb5 Qd7 8.
Ne5 Qd8 9. Bb2 a6 10. Nd4 Bxb4 11. O-O Nf6 12. Bd3 Bd7 13. g4 Nd5 14. Qf3 O-O
15. Qh3 h6 16. f4 Bxd2 17. f5 1-0

[Event "Challenge"]
[Site "http://www.queenalice.com/game.php?id=863536"]
[Date "2010.11.25"]
[Round "-"]
[White "alfonso"]
[Black "mauriciov"]
[Result "1-0"]
[WhiteElo "1603"]
[BlackElo "1953"]

1. e4 e5 2. Qh5 d6 3. Nc3 Nf6 4. Qg5 h6 5. Qe3 Be7 6. Nf3 O-O 7. Bc4 Nc6 8. a3
a6 9. O-O b5 10. Bd3 Bb7 11. Nh4 Nxe4 12. Qxe4 Bxh4 13. Qh7# 1-0